ბათუმის შოთა რუსთაველის სახელმწიფო უნივერსიტეტის ბიბლიოთეკა

ჟამთაბერის ასული (ბიბ.ჩანაწერი № 49091)

000 -LEADER
fixed length control field 00734nam a2200229Ia 4500
001 - CONTROL NUMBER
control field 15998
003 - CONTROL NUMBER IDENTIFIER
control field GE_BSU
008 - FIXED-LENGTH DATA ELEMENTS--GENERAL INFORMATION
fixed length control field 181216s||||||||xx |||||||||||||| ||und||
040 ## - CATALOGING SOURCE
Transcribing agency GE_BSU
080 ## - UNIVERSAL DECIMAL CLASSIFICATION NUMBER
Universal Decimal Classification number 821.353.1-2
100 ## - MAIN ENTRY--PERSONAL NAME
Personal name ჯაფარიძე, მიხეილ
245 ## - TITLE STATEMENT
Title ჟამთაბერის ასული
245 ## - TITLE STATEMENT
Remainder of title პიესა 5 მოქმედებად
245 ## - TITLE STATEMENT
Statement of responsibility, etc. რედ. რ.გვეტაძე
260 ## - PUBLICATION, DISTRIBUTION, ETC.
Place of publication, distribution, etc. თბილისი
260 ## - PUBLICATION, DISTRIBUTION, ETC.
Name of publisher, distributor, etc. საბჭ. მწერალი
260 ## - PUBLICATION, DISTRIBUTION, ETC.
Date of publication, distribution, etc. 1946
300 ## - PHYSICAL DESCRIPTION
Extent 124გვ. ; 17სმ
653 ## - INDEX TERM--UNCONTROLLED
Uncontrolled term პიესა 5 მოქმედებად
653 ## - INDEX TERM--UNCONTROLLED
Uncontrolled term ჟამთაბერის ასული
942 ## - ADDED ENTRY ELEMENTS (KOHA)
Koha item type წიგნი
ეგზემპლარები
Withdrawn status Lost status Damaged status Not for loan Date acquired Barcode Date last seen Price effective from Koha item type
        2018-12-17 39804 2018-12-17 2018-12-17 წიგნი